000 00499nam a2200181Ia 4500
001 43025
008 140425s9999 xx 000 0 und d
020 _aNA
040 _cPK-LaUMT
082 _aRHC 891.4396
_bZAH-K
100 _aZahid Muneer Amir
245 _aKulliyyaat-e-nasr Zafar Ali Khan (Urdu)
_bmakateeb
_cZahid Muneer Amir
260 _aLahore,Pakistan:
_bMagrabi Pakistan Urdu Academy,
_c2008
300 _a263 p.
546 _aUR
650 _aPakistani literature-Urdu
942 _cBK
999 _c41037
_d41037